Τα κείμενα: τύποι και πρότυπα : αφήγηση, περιγραφή, επιχειρηματολογία, εξήγηση και διάλογος

Αποθηκεύτηκε σε:
Λεπτομέρειες βιβλιογραφικής εγγραφής
Κύριος συγγραφέας: Adam, Jean-Michel
Άλλοι συγγραφείς: Παρίσης, Γιάννης Ν. (Μεταφραστής), Καψωμένος, Ερατοσθένης Γ. (Επιμελητής έκδοσης)
Μορφή: Βιβλίο
Γλώσσα:Greek
French
Δημοσίευση: [Αθήνα] : Πατάκης, [c1996]
Σειρά:Θεωρία της λογοτεχνίας (Πατάκης)
Θέματα:
Ετικέτες: Προσθήκη ετικέτας
Δεν υπάρχουν, Καταχωρήστε ετικέτα πρώτοι!

MARC

LEADER 00000cam a2200000 i 4500
001 1/54066
008 070906s1996 gr | ||| |||| ||gre||
020 |a 960378012X 
035 |l 10090466 
040 |a GR-MyUa   |b gre   |e AACR2  
041 1 |a gre  |h fre 
082 7 |a 809.934   |2 (22)  
100 1 |a Adam, Jean-Michel. 
245 1 3 |a Τα κείμενα: τύποι και πρότυπα :   |b αφήγηση, περιγραφή, επιχειρηματολογία, εξήγηση και διάλογος /   |c Jean-Michel Adam ; μετάφραση: Γιάννης Παρίσης ; επιμέλεια: Ερατοσθένης Καψωμένος. 
260 |a [Αθήνα] :   |b Πατάκης,   |c [c1996]  
300 |a 348 σ. :   |b σχ. ;   |c 21 εκ.  
490 1 |a (Θεωρία της λογοτεχνίας / Πατάκης)  
500 |a Τίτλος πρωτύπου: Les textes: types et prototypes.  
504 |a Βιβλιογραφία: σ. [326]-339. 
650 0 |a Discourse analysis, Literary. 
650 0 |a Style, Literary. 
650 0 |a Dialogue. 
700 1 |a Παρίσης, Γιάννης Ν.  |e trl 
700 1 |a Καψωμένος, Ερατοσθένης Γ.  |e edt 
830 0 |a Θεωρία της λογοτεχνίας (Πατάκης) 
852 |a INST  |b RHODES  |e 20070906  |h 809.934 ADA  |p 005400025832  |q 005400025832  |t BK  |y 4  |x 20210910 
901 |a BIBL4-2007-3 
922 |a 4ΕΛΗ  |b 200708  |c ΕΠΕΑΕΚ2/ΠΤΔΕ  |d Σ. ΠΑΤΑΚΗΣ 
970 |a Χαριοπολίτου  |b Κωνσταντίνα  |z 2007/09/06